000 00356 a2200169 4500
001 189834
020 _a978-85-02-10404-4
040 _cMagnum
100 _aGentileza, Ruy
240 1 0 _aO gol da vitória
_lpor
245 1 0 _aO gol da vitória
300 _a35
362 0 _a2010
440 1 _aSaraiva
697 _aLITERATURA INFANTIL
942 _cBK
999 _c189834
_d189834